| 000 | 00412nam a22001697a 4500 | ||
|---|---|---|---|
| 003 | MACL | ||
| 005 | 20151226144534.0 | ||
| 008 | 151226b xxu||||| |||| 00| 0 eng d | ||
| 040 | _cMACL | ||
| 041 | _aEnglish | ||
| 082 | _a658/ROY | ||
| 100 |
_aRoy,Anuradha _922871 |
||
| 245 | _aFood and Beverage Management | ||
| 260 |
_aJaipur _bAadi Publications _c2010 |
||
| 650 |
_aManagement _922872 |
||
| 942 |
_2ddc _cBK |
||
| 999 |
_c51942 _d51942 |
||